000 00460nam a2200181Ia 4500
005 20250326125458.0
008 250326s9999 xx 000 0 und d
037 _aTextbook
040 _aFMSL
_beng
_cFMSL
041 _aeng
_2eng
084 _aXM:5 L3
_qFMSL
100 _aKintner E W
245 0 _aAntitrust primer
_cKintner E W
260 _aNY
_bNY, Macmillan
_c1973
300 _a325p
942 _cTB
_hXM:5 L3
999 _c1278246
_d1278246